Multiple Choice- Football Edition - Statistics

General Stats
  • This quiz has been taken 33 times
  • The average score is 6 of 15
Answer Stats
Question Answer % Correct
Which of these teams have won a European Champions League? Aston Villa
67%
Which football team rivalry is known as "Derbi barceloní"? Barcelona vs Espanyol
67%
Which of these teams has Zlatan Ibrahimovic not played for? Real Madrid
67%
Which city does not have a football club owned by Red Bull? Sydney
67%
Which country has never qualified for a World Cup? Vietnam
67%
Which club does famous musician Elton John own? Watford
67%
Which player has never scored in a World Cup? Eric Cantona
33%
Which country hosted the first European Championship (Euros) France
33%
Which player, with 653 games, has made the most Premier League appearances? Gareth Barry
33%
Who is the only Asian player to win the Champions League Park Ji Sung
33%
Which of these players never had a transfer fee of over 50 million pounds? Wayne Rooney
33%
Which of these midfielders has not scored more than 100 goals in their career? Zinedine Zidane
33%
Which of these Ballon D'or winners has played in a World Cup? Andriy Shevchenko
0%
Which player is the only one to win three Champion Leagues with 3 different clubs Clarence Seedorf
0%
Which of these English clubs have not been promoted to the Premier League in the last decade (2012-2022)? Reading
0%
No matching quizzes found
Score Distribution
Percent of People with Each Score
Percentile by Number Answered
Your Score History
You have not taken this quiz